Statistics for Three Most Guessed Countries by Category #1

Click here to take the quiz!

General Stats

  • This quiz has been taken 196 times
  • The average score is 24 of 28

Answer Stats

Category%Country% Correct
Population, Borders100China
100%
Population, Area, Islands99United States
100%
Highest Population98India
99%
Area, Alcohol, Borders100Russia
98%
Southernmost99Australia
97%
Biggest Area, Most Islands99Canada
96%
Most Spanish Speakers99Spain
96%
Most Spanish Speakers96Argentina
95%
Southernmost98New Zealand
95%
Most Spanish Speakers99Mexico
93%
Most Muslims95Iraq
92%
Most US Foreign Aid88Iraq
92%
Least Precipitation86Saudi Arabia
91%
Most Islands95Indonesia
90%
Alcohol, Borders, Birth %92Germany
88%
Southernmost97Chile
87%
Most Expensive88Norway
83%
Most Muslims94Pakistan
82%
Least Precipitation94Egypt
81%
Most Expensive88Sweden
81%
Most US Foreign Aid83Afghanistan
79%
Most Expensive83Finland
79%
Lowest Birth Rates83Japan
76%
Most Alcohol Consumption87France
76%
Most US Foreign Aid83Syria
74%
Lowest Birth Rates67Italy
62%
Least Precipitation89Libya
60%
Most Muslims93Turkey
59%

Score Distribution

Percentile by Number Answered

Percent of People with Each Score

Your Score History

You have not taken this quiz